Villes traversées par l'autoroute A20 - l'occitane - Statistiques

Statistiques générales
  • Ce quiz a été pris 45 fois
  • Le résultat moyen est 6 sur 6
Statistiques - réponses
ville population kilomètre % Correct
Brive-la-Gaillarde 46 599 274
98%
Cahors 20 567 361
98%
Limoges 127 823 182
98%
Montauban 62 852 417
98%
Châteauroux 42 582 62
88%
Vierzon 24 595 0
86%
Aucun quiz correspondant
Distribution des résultats
% des personnes avec chaque résultat
Percentile par nombre de réponses
Votre historique - résultats
Vous n’avez pas pris ce quiz